000 00506 a2200193 4500
005 20260414112414.0
008 260413b |||||||| |||| 00| 0 eng d
020 _a9781806960460
_c£ 145.00
040 _aMAIN
082 _a001.422
_bS49R
100 _aStewart, Katherine
245 _aResearch methodology and statistical methods
260 _bRadiant Pages
_c2026
_aLondon
300 _a298
650 _aKnowledge
650 _aResearch Methods
650 _aStatistical Methods
942 _cBK
999 _c395535
_d395535